| 000 | 00420nam a22001457a 4500 | ||
|---|---|---|---|
| 008 | 240912b |||||||| |||| 00| 0 eng d | ||
| 020 | _a84-283-1354-7 | ||
| 040 |
_aNational Science Library _cNational Science Library |
||
| 080 |
_aR 6(038)=60 _bM5 |
||
| 100 | _aMalgorn, Guy | ||
| 245 | _aTechnical dictionary Spanish-English | ||
| 260 |
_aMadrid: _bGauthier-Villars, _c1985 |
||
| 300 | _a570p. | ||
| 942 |
_2udc _cREF |
||
| 999 |
_c67396 _d67396 |
||